El Historiador : (Record no. 21948)

000 -CABECERA
fixed length control field 01832nam a22002777a 4500
003 - IDENTIFICADOR DEL NÚMERO DE CONTROL
control field AR-CdUCM
008 - DATOS DE LONGITUD FIJA--INFORMACIÓN GENERAL
fixed length control field 190425b ||||| |||| 00| 0 spa d
040 ## - FUENTE DE LA CATALOGACIÓN
Agencia/entidad que catalogó originalmente la obra MUNICIPALIDAD PROVINCIAL DEL CUSCO
Entidad que transcribió la catalogación BIBLIOTECA MUNICIPAL DEL CUSCO
082 ## - NÚMERO DE LA CLASIFICACIÓN DECIMAL DEWEY
No. de Clasificación El historiador/N°03/2011
110 ## - ENTRADA PRINCIPAL--NOMBRE DE ENTIDAD CORPORATIVA
Nombre de la institución, jurisdicción como entrada principal Carrera profesional de Historia
9 (RLIN) 46959
245 ## - MENCIÓN DE TÍTULO
Título El Historiador :
Resto del título Revista científica cultural /
Mención de responsabilidad Taller de Historia Andina
260 ## - PUBLICACIÓN, DISTRIBUCIÓN, ETC.
Lugar de publicación, distribución, etc. Cusco :
Nombre de la editorial, distribuidor, etc. UNSAAC,
-- Taller de Historia Andina,
Fecha de publicación, distribución, etc. 2011.
300 ## - DESCRIPCIÓN FÍSICA
Nº de Páginas Extensión 238 páginas. :
Otros detalles físicos ilustraciones ;
Dimensiones 29 cm.
440 ## - MENCIÓN DE SERIE/PUNTO DE ACCESO ADICIONAL--TÍTULO
Título El Historiador.
Número de la parte/sección de una obra N°3 semestre 2010-II
9 (RLIN) 46960
505 ## - NOTA DE CONTENIDO CON FORMATO
Nota de contenido formateada Contenido: El papel de la mujer en la América precolombina cultura Maya, Azteca, Inka. -- El Perú a inicios de la colonia. -- El templo de Santa Ana del Cusco en la época colonial siglo XVII. -- La cacica de Acos y el desenvolvimiento de la mujer en las acciones Túpac Amaristas. -- El Taki Onqoy. -- El terremoto de 1950. -- Proceso social y político del Distrito de Santiago 1950-2000, una mirada a la formación de un distrito en el siglo XX. -- Enfoque histórico de las consecuencias socioeconómicas de la reforma agraria en la provincia de Chumbivilcas 1969-1975. -- Industrialización de la hoja de Coca. -- El agua en la cosmovisión andina. -- Ritualidad en los andes Sawasiray, Pitusiray. -- Apu Mama Simona una visión ideológica de resistencia.
650 ## - PUNTO DE ACCESO ADICIONAL DE MATERIA--TÉRMINO DE MATERIA
Descriptor Folklore cusqueño
9 (RLIN) 8693
650 ## - PUNTO DE ACCESO ADICIONAL DE MATERIA--TÉRMINO DE MATERIA
Descriptor Identidad cultural
9 (RLIN) 2943
650 ## - PUNTO DE ACCESO ADICIONAL DE MATERIA--TÉRMINO DE MATERIA
Descriptor José María Arguedas
9 (RLIN) 793
650 ## - PUNTO DE ACCESO ADICIONAL DE MATERIA--TÉRMINO DE MATERIA
Descriptor Terremoto 1950
9 (RLIN) 46961
650 ## - PUNTO DE ACCESO ADICIONAL DE MATERIA--TÉRMINO DE MATERIA
Descriptor Historia del Cusco
9 (RLIN) 1714
650 ## - PUNTO DE ACCESO ADICIONAL DE MATERIA--TÉRMINO DE MATERIA
Descriptor Ciencias Sociales
9 (RLIN) 1096
710 ## - PUNTO DE ACCESO ADICIONAL--NOMBRE DE ENTIDAD CORPORATIVA
Nombre corporativo (En letras Mayúsculas) Universidad Nacional de San Antonio Abad del Cusco
9 (RLIN) 15942
942 ## - ELEMENTOS DE PUNTO DE ACCESO ADICIONAL (KOHA)
Fuente de clasificación
Tipo de item Revistas cusqueñas
945 ## - PROCESAMIENTO DE INFORMACIÓN LOCAL (OCLC)
Catalogador rac
Holdings
Estado de retiro (separado) Fuente de clasificación o esquema de estanterías Estado dañado Ubicación Sala donde se ubica Nombre de la colección Fecha de adquisición o compra Fuente de adquisición Costo, precio normal en soles Signatura topográfica Código de Barras Última vez visto (Koha) Tipo de ítem (Koha)
No     Sala Hemeroteca Sala Hemeroteca Book Cart 2022-01-13 Donación 20.00 El historiador/N°03/2011 REVC000462 2022-01-13 Revistas cusqueñas

Powered by Koha